| 000 | | | 05551cbc2a2200000#x 450 |
| 001 | | | 02008F09D1 |
| 005 | | | 20250708155119.0 |
| 100 | ## | $a | 20130912l19151915k y0rusy0189 ca |
| 101 | 0# | $a | rus |
| 102 | ## | $a | RU |
| 251 | ## | $c | Дело |
| 225 | 0# | $a | Фонд Министерство торговли и промышленности |
| | $h | Опись № 11 |
| | $i | 1895-1919 гг. |
| 324 | ## | $a | Пленка |
| 801 | #0 | $a | RU |
| | $b | РГИА |
| | $c | 20130912 |
| 801 | #1 | $a | RU |
| | $b | ГлавНИВЦ |
| | $c | 20130912 |
| | $2 | rusmarc |
| 801 | #2 | $a | RU |
| | $b | ПБ им. Б.Н. Ельцина |
| | $c | 20130912 |
| | $g | RCR |
| | $2 | rusmarc |
| 850 | ## | $a | Федеральное казенное учреждение "Российский государственный исторический архив" |
| 852 | ## | $a | РГИА |
| | $j | 210 |
| 937 | ## | $a | ASBIBLIO_SCAN |
| | $b | РГИА_23:_11:_210: |
| | $d | 136405 |
| | $h | РГИА |
| 200 | 1# | $a | Отчет консула в Китае о ввозе и вывозе разных товаров |
| | $j | 1915 |
| 215 | ## | $a | 25 листов |
| 035 | ## | $a | 02008F09D1 |
| 122 | 0# | $a | d1915###### |
| 300 | ## | $a | Машинописный текст |
| 461 | #0 | $1 | 001bb6a3f53-27b5-4601-8471-ec0c20bcc716 |
| | $1 | 2001 |
| | $a | Министерство торговли и промышленности |
| | $1 | 251 |
| | $c | Фонд |
| | $1 | 852 |
| | $j | 23 |
| 462 | #0 | $1 | 001adbe5b81-d35f-4520-aed2-20c230621077 |
| | $1 | 2001 |
| | $a | 1901-1918 гг. |
| | $v | Д. 210 |
| | $1 | 251 |
| | $c | Опись |
| | $1 | 852 |
| | $j | 11 |
| 606 | 1# | $2 | nlr_sh |
| | $3 | RU\NLR\AUTH\66201902 |
| | $a | Внешняя торговля |
| | $y | Китай |
| | $j | Документы и материалы |
| 607 | ## | $2 | prlib_sh |
| | $3 | LIBNET\UAF\0000067870 |
| | $a | Китай |
| | $x | Торговые взаимоотношения |
| | $y | Россия |
| | $z | нач. 20 в. |
| | $j | Документы и материалы |
| 607 | ## | $2 | prlib_sh |
| | $3 | LIBNET\UAF\0000067871 |
| | $a | Россия |
| | $x | Торговые взаимоотношения |
| | $y | Китай |
| | $z | нач. 20 в. |
| | $j | Документы и материалы |
| 605 | ## | $2 | acquisition_Prlib |
| | $3 | LIBNET\UAF\0000067797 |
| | $a | Россия – Китай: из истории взаимоотношений |
| | $l | коллекция |
| 605 | ## | $2 | acquisition_Prlib |
| | $3 | DITM\AF\0000002775 |
| | $a | Власть |
| | $l | коллекция |
| 605 | ## | $2 | acquisition_Prlib |
| | $3 | DITM\AF\0000003834 |
| | $a | Народ |
| | $l | коллекция |
| 686 | ## | $2 | rubbk |
| | $a | 63.3(2)53-64ю11 |
| | $v | LBC/M |
| 686 | ## | $a | 63.3(5Кит)6-64ю11 |
| | $v | LBC/M |
| | $2 | rubbk |
| 686 | ## | $a | 65.428.8ю11 |
| | $v | LBC/M |
| | $2 | rubbk |